000 01366 a2200265 4500
001 13123
005 20260407155441.0
008 260407a2008 arg spa d
003 AR-UNSa-BCEJYS
040 _aAR-UNSa-BCEJYS
_bspa
_cAR-UNSa-BCEJYS
080 _a330.4
_xEconomía matemática
245 1 0 _aFurther mathematics for economic analysis
020 _a978-0-273-71328-9
250 _a2a. ed.
264 1 _aHarlow :
_bPrentice Hall
_c2008
300 _axi, 616 p.
_c24 cm.
505 _a1. Topic in linear algebra - 2. Multivariable calculus - 3. Static optimization - 4. Topic in integration - 5. Differential equations I: First-order equations in one variable - 6. Differential II: Second-order equations and systems in the plane - 7. Differential equations III: Higher-order equations - 8. Calculus of variations - 9. Control theory: Basic techniques - 10. Control theory with many variables - 11. Difference equations - 12. Discrete time optimization - 13. Topology and separation - 14. Correspondences and fixed points
942 _cBK
590 _aniveau_biblio:m niveau_hierar:0
100 1 _aSydsæter, Knut
700 1 _aHammond, Peter
700 1 _aSeierstad, Atle
700 1 _aStrØm, Arne
856 4 1 _uhttps://biblioeco.unsa.edu.ar/pmb/images/libros/Futher mathematics for economic analysis2-l118921.jpg
_yImagen de portada
_qimage/jpeg
999 _c509
_d509